Theory of Machines and Computations: Proceedings of an International Symposium on the Theory of Machines and Computations, Israel on August 16-19, 1971 /

Gespeichert in:
Bibliographische Detailangaben
Weitere Verfasser: Kohavi, Zvi (Herausgegeben von), Paz, Azaria (Herausgegeben von)
Format: Buch
Sprache:Englisch
Veröffentlicht: New York: Academic Press, 1971
Ausgabe:[1. vyd]
Tags: Tag hinzufügen
Keine Tags, Fügen Sie das erste Tag hinzu!

MARC

LEADER 00000nam a22000003a 4500
001 0019446
003 SK-STU
005 20161206122115.4
007 ta
008 161206s ----xo-----e------000-0-----d
020 |a 0-12-417750-6 
040 |a STU  |b slo 
041 0 |a eng 
044 |a xxu 
100 1 |a Kohavi, Zvi  |4 edt  |r Z6 
245 1 0 |a Theory of Machines and Computations:  |b Proceedings of an International Symposium on the Theory of Machines and Computations, Israel on August 16-19, 1971 /  |c ed. Zvi Kohavi ; ed. Azaria Paz 
250 |a [1. vyd] 
260 |a New York:  |b Academic Press,  |c 1971 
300 |a 416 s. 
700 1 |a Paz, Azaria  |r Z6  |4 edt 
996 |c I*18FJ1607  |l II680  |s A  |a 24  |w 0019446_0001